Welcome to the Holygrace Academy Library

Please use search bar below to get started

KAVYATHARA (Record no. 4205)

MARC details
000 -LEADER
fixed length control field 00273nam a22001337a 4500
082 ## - DEWEY DECIMAL CLASSIFICATION NUMBER
Classification number 494
Item number THI/K
100 ## - MAIN ENTRY--AUTHOR NAME
Personal name THIVARI,BHANDRINATH
100 ## - MAIN ENTRY--AUTHOR NAME
Personal name SIMH, RAJENDRA PRASATH
245 ## - TITLE STATEMENT
Title KAVYATHARA
260 ## - PUBLICATION, DISTRIBUTION, ETC. (IMPRINT)
Place of publication DELHI
300 ## - PHYSICAL DESCRIPTION
Number of Pages 106
650 ## - SUBJECT ADDED ENTRY--TOPICAL TERM
Topical Term POETRY
Geographic subdivision DELHI
942 ## - ADDED ENTRY ELEMENTS (KOHA)
Koha item type Books
Holdings
Withdrawn status Lost status Collection code Home library Current library Shelving location Date acquired Source of acquisition Full call number Accession Number Koha item type
    Non-fiction Main Library Main Library   06/10/2015 PURCHASE 494 THI/K 03966 Books